000 00601nam a22001937a 4500
001 113395
003 DR-UNIBE
005 20250513095459.0
008 250328b2002 py ||||| |||| 00| 0 spa d
040 _aBIBLIOTECA UNIBE
_cBIBLIOTECA UNIBE
_erda
041 _aspa
082 _a342 C758r
110 _aRepública de Paraguay.
_bConvención Nacional Constituyente
_9195281
245 0 0 _aConstitución de la República del Paraguay
260 _aAsunción :
_b[Editor no identificado],
_c1992
300 _aPaginación varias
650 7 _2lemb
_aConstitución
_zParaguay
_9195282
942 _2ddc
_cBK
999 _c113395
_d113395